000
00235 a2200097 4500
001
11176
100
_a
Chandrousckhar, S.
245
_a
American Aid and Indian'sn ecomomic development
260
_a
_b
Pall Mall
_c
090
_c
8730
_d
8730
942
_a
NUST-CAE
_c
M
_c
35523
999
_c
246249
_d
246249